Catálogo
 En Linea

La obra de un renovador : (Registro nro. 14172)

Detalles MARC
000 -CABECERA
campo de control de longitud fija 00743nam a2200157 a 4500
001 - NÚMERO DE CONTROL
campo de control 000014586
005 - FECHA Y HORA DE LA ÚLTIMA TRANSACCIÓN
campo de control 20200929163855.0
008 - DATOS DE LONGITUD FIJA--INFORMACIÓN GENERAL
campo de control de longitud fija 100115s1932 dr r 000 0 spa d
040 ## - FUENTE DE LA CATALOGACIÓN
Centro catalogador/agencia de origen DO-SdBNP
Lengua de catalogación spa
Centro/agencia transcriptor BNPHU
082 ## - NÚMERO DE LA CLASIFICACIÓN DECIMAL DEWEY
Número de clasificación xxxx
Número de documento/Ítem xxxx
245 03 - MENCIÓN DE TÍTULO
Título La obra de un renovador :
Resto del título conferencias y disertaciones dictadas por varios distinguidos intelectuales, en la estación radiodifusora H. I. X. de Sto. Domingo, Rep. dominicana.
246 14 - FORMA VARIANTE DE TÍTULO
Título propio/Titulo breve Gobierno del general Rafael Leonidas Trujillo Molina hon. presidente de la República Dominicana
260 ## - PUBLICACIÓN, DISTRIBUCIÓN, ETC.
Lugar de publicación, distribución, etc. Santo Domingo, :
Nombre del editor, distribuidor, etc. La Opinión,
Fecha de publicación, distribución, etc. 1932.
300 ## - DESCRIPCIÓN FÍSICA
Extensión 182 p. :
Otras características físicas il., retr. ;
Dimensiones 23 cm.
500 ## - NOTA GENERAL
Nota general gobierno del general Rafael Leonidas Trujillo Molina hon. presidente de la República Dominicana
Existencias
Estado de retiro Estado de pérdida Restricciones de uso No para préstamo Código de colección Localización permanente Ubicación/localización actual Ubicación en estantería Fecha de adquisición Número de inventario Total de préstamos Signatura topográfica completa Código de barras Fecha visto por última vez Número de copia Precio válido a partir de Tipo de ítem Koha Nota pública
        Raros y valiosos General General En catalogación 15.06.2011 LF1   xxxx xxxx 14586-30 25.06.2020 e. 3 25.06.2020 Préstamo en sala  
      Excluido de préstamo Raros y valiosos Patrimonio Dominicano Patrimonio Dominicano Depósito 15.01.2010 LF1   xxxx xxxx 14586-10 25.06.2020   25.06.2020 No se presta Perteneció a la biblioteca personal de Martínez Boog.
      Excluido de préstamo Raros y valiosos Patrimonio Dominicano Patrimonio Dominicano En catalogación 18.04.2011 LF1   xxxx xxxx 14586-20 25.06.2020 e. 2 25.06.2020 No se presta  

Con tecnología Koha